<?xml version="1.0" encoding="UTF-8"?>
<record
    xmlns:xsi="http://www.w3.org/2001/XMLSchema-instance"
    xsi:schemaLocation="http://www.loc.gov/MARC21/slim http://www.loc.gov/standards/marcxml/schema/MARC21slim.xsd"
    xmlns="http://www.loc.gov/MARC21/slim">

  <leader>01790    a2200205   4500</leader>
  <controlfield tag="001">118753</controlfield>
  <datafield tag="020" ind1=" " ind2=" ">
    <subfield code="a">9788582401545</subfield>
  </datafield>
  <datafield tag="020" ind1=" " ind2=" ">
    <subfield code="q">broch.</subfield>
  </datafield>
  <datafield tag="082" ind1=" " ind2=" ">
    <subfield code="a">[Fic]</subfield>
  </datafield>
  <datafield tag="100" ind1=" " ind2=" ">
    <subfield code="a">Cury, Augusto.</subfield>
  </datafield>
  <datafield tag="300" ind1=" " ind2=" ">
    <subfield code="a">289 p.</subfield>
  </datafield>
  <datafield tag="520" ind1=" " ind2=" ">
    <subfield code="a">Quando as fontes de &#xE1;gua secaram, as terras tornaram-se inf&#xE9;rteis e a viol&#xEA;ncia tomou conta do planeta, a Cat&#xE1;strofe aconteceu. E agora, cem anos depois, o mundo aos poucos est&#xE1; se reestruturando, e novos povos come&#xE7;am a surgir. O Reino de Cosmus, liderado com m&#xE3;os de ferro pelo poderoso rei Apolo, se destacou e se tornou um grande imp&#xE9;rio. Com a ajuda de seus conselheiros, entre eles Terr&#xED;vius, Dem&#xE9;trius e C&#xF4;modus, e do sumo s&#xE1;bio Superius, Apolo prega que o conhecimento foi o respons&#xE1;vel pela destrui&#xE7;&#xE3;o do mundo e, por isso, pro&#xED;be o uso da tecnologia e de qualquer tipo de educa&#xE7;&#xE3;o: dos livros &#xE0;s escolas. Por&#xE9;m, apesar de todo o seu poder, Apolo n&#xE3;o consegue controlar um de seus filhos, o pr&#xED;ncipe Petrus, que, ao contr&#xE1;rio do irm&#xE3;o g&#xEA;meo Lexus, n&#xE3;o est&#xE1; interessado no poder e nos treinamentos para batalha. Petrus &#xE9; apaixonado por aprender. Educado pelo s&#xE1;bio Malthus para ser um l&#xED;der justo e generoso, Petrus &#xE9; visto pelo pai como um rebelde e sofre as consequ&#xEA;ncias por ser uma mente livre. Condenado a usar a M&#xE1;scara da Humilha&#xE7;&#xE3;o, utilizada para castigar os maiores criminosos do reino, o jovem pr&#xED;ncipe precisa sobreviver para realizar sua grande miss&#xE3;o, que poder&#xE1; mudar os rumos da Hist&#xF3;ria. E, para isso, contar&#xE1; com uma ajuda nada convencional.</subfield>
  </datafield>
  <datafield tag="697" ind1=" " ind2=" ">
    <subfield code="a">Literatura infantojuvenil</subfield>
  </datafield>
  <datafield tag="856" ind1=" " ind2=" ">
    <subfield code="u">000032/00003242.jpg</subfield>
  </datafield>
  <datafield tag="040" ind1=" " ind2=" ">
    <subfield code="a">BR-BrIDEA</subfield>
    <subfield code="c">BR-BrIDEA</subfield>
  </datafield>
  <datafield tag="090" ind1=" " ind2=" ">
    <subfield code="a">Year 8 [Fic]</subfield>
    <subfield code="b">CUR</subfield>
  </datafield>
  <datafield tag="245" ind1="1" ind2="0">
    <subfield code="a">Petrus Logus</subfield>
    <subfield code="b">o guardi&#xE3;o do tempo</subfield>
  </datafield>
  <datafield tag="260" ind1=" " ind2=" ">
    <subfield code="a">S&#xE3;o Paulo</subfield>
    <subfield code="b">Saraiva</subfield>
    <subfield code="c">2014</subfield>
  </datafield>
  <datafield tag="942" ind1=" " ind2=" ">
    <subfield code="c">BK</subfield>
  </datafield>
  <datafield tag="952" ind1=" " ind2=" ">
    <subfield code="0">0</subfield>
    <subfield code="1">0</subfield>
    <subfield code="2">ddc</subfield>
    <subfield code="4">0</subfield>
    <subfield code="7">0</subfield>
    <subfield code="a">12.28</subfield>
    <subfield code="b">12.28</subfield>
    <subfield code="d">2022-09-23</subfield>
    <subfield code="l">0</subfield>
    <subfield code="o">Year 8 [Fic] CUR</subfield>
    <subfield code="p">00059215SSW</subfield>
    <subfield code="r">2024-01-23 15:01:48</subfield>
    <subfield code="w">2024-01-23</subfield>
    <subfield code="y">BK</subfield>
  </datafield>
  <datafield tag="952" ind1=" " ind2=" ">
    <subfield code="0">0</subfield>
    <subfield code="1">0</subfield>
    <subfield code="4">0</subfield>
    <subfield code="7">0</subfield>
    <subfield code="a">80.1</subfield>
    <subfield code="b">80.1</subfield>
    <subfield code="d">2024-02-09</subfield>
    <subfield code="l">0</subfield>
    <subfield code="o">CUR</subfield>
    <subfield code="p">A17100</subfield>
    <subfield code="r">2024-02-09 21:15:02</subfield>
    <subfield code="w">2024-02-09</subfield>
    <subfield code="y">BK</subfield>
  </datafield>
  <datafield tag="999" ind1=" " ind2=" ">
    <subfield code="c">118753</subfield>
    <subfield code="d">118753</subfield>
  </datafield>
</record>
